A Practical Czech Course for English-Speaking Students /

Hlavní autor: Sova, Miloš, 1896-
Jazyk: Čeština
Angličtina
Vydáno: Praha : SPN, 1961, [na tit. listu chybně] 1962
Vydání: 1. vyd.
Témata:
Fyzický popis: 526, [2] s. : [2] barev. mp. [1] tb. [2] obr. příl. ; 8°
Knihy
Uloženo v:
LEADER 01125nam a22003132a 4500
001 000796345
003 CZ BrMZK
005 20051108084903.0
007 ta
008 051108s1961 xr er|||||||||||cze d
040 |a ABA001  |b cze  |c OLA001  |d ABA001 
041 0 |a eng  |a cze 
100 1 |a Sova, Miloš,  |d 1896-  |7 jk01120603  |4 aut 
245 1 2 |a A Practical Czech Course for English-Speaking Students /  |c Miloš Sova 
250 |a 1. vyd. 
260 |a Praha :  |b SPN,  |c 1961, [na tit. listu chybně] 1962  |f (Svoboda 4) 
300 |a 526, [2] s. :  |b [2] barev. mp. [1] tb. [2] obr. příl. ;  |c 8° 
500 |a Zkr. 
500 |a S obr., tb. a notami v textu 
500 |a Obálka a vazba: Bohumil Stibal 
500 |a Předmětový rejstřík 
500 |a Výslovnost 
500 |a Gramatické tb. a přehledy 
500 |a Pozn. 
910 |a BOA001  |b PK-0028.515 
964 |a Čeština - učebnice anglické 
990 |a BK 
996 7 |b 3119695062  |c PK-0028.515  |l MZK  |r Sklad / do 1 hodiny  |n 1  |w 000796345  |u 000010  |a 1  |e BOA001  |j MZK50  |s A 
996 6 |b BC-242670  |c PK-0028.515  |l MZK  |r Sklad / do 1 hodiny  |n 0  |w 000796345  |u 000020  |a 1  |e BOA001  |j MZK50  |s P